000 01530 a2200289 4500
999 _c1548
_d1548
003 CoMeUDC
005 20220513161243.0
008 180801b2018 ck ||||| |||| 00| 0 spa d
020 _a9789585925229
040 _aCO-BoUCM
_bspa
_cCO-UdeC
041 0 _aspa
082 0 4 _a324.28
_bL847
100 1 0 _aLondoño Osorio, Juan Fernando
_996288
245 1 0 _aEstudio sobre financiamiento político en Colombia /
_cJuan Fernando Londoño O.
260 _aBogotá :
_bRegistraduría Nacional del Estado Civil,
_bCedae,
_c2018.
300 _a198 p. :
_bgráficas ;
_c24 cm.
500 _aLas opiniones y afirmaciones contenidas en el presente libro son de exclusiva responsabilidad del autor y no comprometen ni al Centro de Estudios en Democracia y Asuntos Electorales ni a la Registraduría Nacional del Estado Civil.
504 _aIncluye bibliografía.
505 _aAspectos generales del financiamiento político -- Fuentes de ingresos de partidos políticos y campañas electorales -- Gastos de los partidos políticos y campañas electorales -- Mecanismos e instituciones de transparencia y control -- Conclusiones: principales hallazgos y desafíos
546 _aEspañol.
650 7 _97900
_aPartidos políticos
_xFinanciación
_zColombia
650 7 _916023
_aFondos para campañas electorales
_zColombia
650 7 _911876
_aControl de constitucionalidad
710 _92088
_aRegistraduría Nacional del Estado Civil
710 _92089
_aCentro de Estudios en Democracia y Asuntos Electorales
942 _cBK
_2ddc